LA BATALLA CONTRA EL HAMBRE /

TRADUCCION DE: OVERCOMING WORLD HUNGER

Guardado en:
Detalles Bibliográficos
Otros autores: Hardin, Clifford M. (selección) (selección)
Formato: Libro
Temas:
Etiquetas: Agrega una etiqueta
Sin etiquetas, Sé el primero en etiquetar este registro!

MARC

LEADER 00000nam^a2200000^a^4500
001 000235856
005 20250521000000.0
009 20260310104826.925
035 |a 052921 
037 |a Acervo Xavier Clavigero 
082 |a 338. 19  |b BAT 
245 1 3 |a LA BATALLA CONTRA EL HAMBRE /  |c SELEC. CLIFFORD M. HARDIN ; TR. GERARDO MAYER 
264 |a BUENOS AIRES :  |b TROQUEL,  |c 1972 
300 |a 203 p. 
336 |a texto  |b txt  |2 rdacontenido 
337 |a sin mediación  |b n  |2 rdamedio 
338 |a volumen  |b nc  |2 rdasoporte 
520 |a TRADUCCION DE: OVERCOMING WORLD HUNGER 
649 |a XX 
650 |a Abasto de Alimentos 
650 |a Población 
650 |a Hambre 
700 |a Hardin, Clifford M.  |e (selección) 
910 |a Fondo General 
920 |a Impresos - Libros 
930 |a Colección General 
905 |a 101 
901 |a 052921  |b IT1  |c ACC  |i 052921  |u 20250521 
902 |a https://opac.biblio.iteso.mx/vufind/Record/000235856